| 000 | 00489nam a2200193 a 4500 | ||
|---|---|---|---|
| 001 | 1767681889801 | ||
| 003 | YourLibrary | ||
| 005 | 20260107144231.0 | ||
| 008 | 260106s2002##################000#0#eng## | ||
| 020 | _a9780631213055 | ||
| 082 | 0 | 4 |
_a300.72 _bROB |
| 100 | 1 |
_aRobson, Colin, _eauthor. |
|
| 245 | 1 | 0 | _aReal World Research : |
| 260 |
_bWiley-Blackwell, _c2002. |
||
| 300 | _a624 pages | ||
| 650 | 0 | _aPsychology. | |
| 942 | _cENGLISH | ||
| 040 |
_aYourLibrary _beng _cYourLibrary |
||
| 999 |
_c607417 _d607417 |
||